书目信息 |
| 题名: |
中间人
|
|
| 作者: | 莫里斯, 著 ;丁峰山 , 罗茜 译 | |
| 分册: | ||
| 出版信息: | 北京 文化艺术出版社 2005.01 |
|
| 页数: | 359页 | |
| 开本: | 21cm | |
| 丛书名: | ||
| 单 册: | ||
| 中图分类: | I712.45 | |
| 科图分类: | ||
| 主题词: | 长篇小说--chang pian xiao shuo--美国--当代 | |
| 电子资源: | ||
| ISBN: | 7-5039-2665-1 | |
| 000 | 00898nam0 2200253 450 | |
| 001 | 012006655051 | |
| 005 | 20060925101248.34 | |
| 010 | @a7-5039-2665-1@dCNY19.00 | |
| 100 | @a20060711d2005 km y0chiy0120 ea | |
| 101 | 1 | @achi@ceng |
| 102 | @aCN@b110000 | |
| 105 | @ay z 000ay | |
| 200 | 1 | @a中间人@Azhong jian ren@f(美) 肯·莫瑞斯著@F(mei)ken·mo rui si zhu@g丁峰山, 罗茜译@Gding feng shan,luo qian yi |
| 210 | @a北京@c文化艺术出版社@d2005.01 | |
| 215 | @a359页@d21cm | |
| 314 | @a责任者规范汉译姓: 莫里斯 | |
| 330 | @a本小说描写小职员彼得察觉了金融业巨鳄的罪恶交易,毅然决然站出来与之搏斗,最终使金融巨鳄人财两空。 | |
| 606 | 0 | @a长篇小说@Achang pian xiao shuo@y美国@z当代 |
| 690 | @aI712.45@v4 | |
| 701 | 1 | @a莫里斯,@Amo li si,@bK.@g(Morris, K.)@4著 |
| 702 | 0 | @a丁峰山@Ading feng shan@4译 |
| 702 | 0 | @a罗茜@Aluo qian@4译 |
| 801 | 0 | @aCN@c20060925 |
| 905 | @a10447@dI712.45@eM856 | |
| 中间人/(美) 肯·莫瑞斯著/丁峰山, 罗茜译.-北京:文化艺术出版社,2005.01 |
| 359页;21cm |
| ISBN 7-5039-2665-1:CNY19.00 |
| 本小说描写小职员彼得察觉了金融业巨鳄的罪恶交易,毅然决然站出来与之搏斗,最终使金融巨鳄人财两空。 |
| ● |
| 相关链接 |
|
|
|
正题名:中间人
索取号:I712.45/M856
 
预约/预借
| 序号 | 登录号 | 条形码 | 馆藏地/架位号 | 状态 | 备注 |
| 1 | 595739 | 205957393 | 文学库116/116文学库 28排4列2层/ [索取号:I712.45/M856] | 在馆 | |
| 2 | 595740 | 205957400 | 社科二线422/422社科库 4排1列3层/ [索取号:I712.45/M856] | 在馆 | |
| 3 | 595741 | 205957419 | 文学库116/116文学库 28排4列2层/ [索取号:I712.45/M856] | 在馆 |